Statistics for Favourite Worst Nightmare Tracklist (Arctic Monkeys)

Click here to take the quiz!

General Stats

  • This quiz has been taken 166 times
  • The average score is 9 of 12

Answer Stats

HintAnswer% Correct
12505
93%
2Teddy Picker
86%
4Balaclava
84%
1Brianstorm
84%
3D Is For Dangerous
82%
5Fluorescent Adolescent
78%
11Old Yellow Bricks
78%
8This House Is A Circus
75%
7Do Me A Favour
73%
6Only Ones Who Know
73%
10The Bad Thing
66%
9If You Were There, Beware
64%

Score Distribution

Percentile by Number Answered

Percent of People with Each Score

Your Score History

You have not taken this quiz